00337nam a2200133Ia 4500003000400000008004100004082001600045100001800061245005600079250000800135260004400143300000800187650000800195OSt191201s2005 xx 000 0 und d a658.84bMEI aMEAD, Richard 0aInternational Management: Cross-Cultural Dimensions a3rd aNew DelhibBlack Rose Publicationc2005 a454 aMBA